[Event "Moscow Open A 2016"]
[Site "Moscow RUS"]
[Date "2016.01.30"]
[Round "1.5"]
[White "Grachev, Boris"]
[Black "Mikhailov, Viacheslav"]
[Result "1-0"]
[WhiteTitle "GM"]
[BlackTitle "FM"]
[WhiteElo "2652"]
[BlackElo "2332"]
[WhiteFideId "4129199"]
[BlackFideId "4187369"]
[EventDate "2016.01.30"]

1. d4 Nf6 2. c4 e6 3. Nf3 b6 4. e3 Bb7 5. Bd3 Bb4+ 6. Nbd2 O-O 7. O-O d5 8. a3
Bd6 9. b4 dxc4 10. Nxc4 Ne4 11. Nfe5 f5 12. f3 Nf6 13. Qe2 Be7 14. Bb2 Nbd7 15.
e4 g6 16. exf5 exf5 17. Nc6 Bxc6 18. Qe6+ Kg7 19. Qxc6 Rc8 20. d5 Nb8 21. Qe6
Re8 22. Rae1 Nd7 23. Qc6 Nb8 24. Qb7 Kf8 25. d6 cxd6 26. Bxf6 Bxf6 27. Rxe8+
Kxe8 28. Qxc8 Qxc8 29. Nxd6+ Kd8 30. Nxc8 Kxc8 31. Rc1+ Kd8 32. Rc2 Be5 33. Bb5
a6 34. Bc4 a5 35. bxa5 bxa5 36. Bg8 f4 37. Bxh7 g5 38. Kf1 Bd6 39. a4 Ke7 40.
Rc8 Nd7 41. Rg8 Nb6 42. Rg7+ Kf6 43. Rg6+ Ke7 44. Rxg5 1-0

[Event "Moscow Open A 2016"]
[Site "Moscow RUS"]
[Date "2016.01.31"]
[Round "2.2"]
[White "Inarkiev, Ernesto"]
[Black "Bublei, Pavel"]
[Result "1-0"]
[WhiteTitle "GM"]
[BlackTitle "FM"]
[WhiteElo "2676"]
[BlackElo "2391"]
[WhiteFideId "4162722"]
[BlackFideId "24112593"]
[EventDate "2016.01.30"]

1. e4 c6 2. d4 d5 3. e5 Bf5 4. Nf3 e6 5. Be2 Ne7 6. O-O Nd7 7. Nbd2 Ng6 8. Nb3
Be7 9. Be3 h5 10. a4 h4 11. a5 O-O 12. Ne1 b6 13. f4 c5 14. g4 hxg3 15. hxg3 Be4
16. Nf3 Rc8 17. c3 bxa5 18. Nfd2 cxd4 19. Bxd4 Nc5 20. Rxa5 Nxb3 21. Nxb3 f6 22.
Ra6 Qd7 23. Nd2 fxe5 24. fxe5 Bf5 25. g4 Be4 26. Rxa7 Rc7 27. Rxc7 Qxc7 28. Nxe4
dxe4 29. Qc2 Qc6 30. Rxf8+ Bxf8 31. Qd2 Be7 32. Qe3 Nh4 33. Kf2 Qa8 34. b4 Ng6
35. b5 Bh4+ 36. Kg2 Nf8 37. c4 g5 38. c5 Ng6 39. c6 Nf4+ 40. Kh2 Qa2 41. c7 Qc2
42. Bc5 1-0

[Event "Moscow Open A 2016"]
[Site "Moscow RUS"]
[Date "2016.01.31"]
[Round "2.3"]
[White "Vakhlamov, Igor L."]
[Black "Artemiev, Vladislav"]
[Result "0-1"]
[WhiteTitle "FM"]
[BlackTitle "GM"]
[WhiteElo "2390"]
[BlackElo "2673"]
[WhiteFideId "24126748"]
[BlackFideId "24101605"]
[EventDate "2016.01.30"]

1. e4 c5 2. Nf3 e6 3. d4 cxd4 4. Nxd4 a6 5. Bd3 Nf6 6. O-O Qc7 7. Qe2 d6 8. f4
g6 9. c4 Bg7 10. Nc3 O-O 11. Nf3 Nbd7 12. Bd2 b6 13. Rae1 Bb7 14. b3 Rfe8 15.
Qf2 b5 16. cxb5 Ng4 17. Qh4 Bxc3 18. Qxg4 axb5 19. Bb1 b4 20. Kh1 Ra5 21. Rc1
Bxe4 22. Bxe4 Nf6 23. Qh4 Nxe4 24. Bxc3 bxc3 25. a4 Rb8 26. Nd4 Nd2 27. Rf2 Nxb3
28. Nxb3 Rxb3 29. Rf3 Rxa4 30. Rh3 h5 31. Qf6 Rba3 32. Rg3 Ra1 33. Rxg6+ fxg6
34. Qxg6+ Kf8 35. Qf6+ Qf7 0-1

[Event "Moscow Open A 2016"]
[Site "Moscow RUS"]
[Date "2016.01.31"]
[Round "2.4"]
[White "Agmanov, Zhandos"]
[Black "Grachev, Boris"]
[Result "0-1"]
[BlackTitle "GM"]
[WhiteElo "2389"]
[BlackElo "2652"]
[WhiteFideId "13708309"]
[BlackFideId "4129199"]
[EventDate "2016.01.30"]

1. e4 c5 2. Nf3 Nc6 3. Bb5 g6 4. Bxc6 bxc6 5. O-O Bg7 6. d3 Nh6 7. Nc3 O-O 8.
Be3 d6 9. Qd2 Ng4 10. Bf4 e5 11. Bg5 f6 12. Bh4 Nh6 13. h3 Be6 14. a3 a5 15. Na4
Nf7 16. b4 cxb4 17. axb4 g5 18. Bg3 f5 19. exf5 Bxf5 20. Rab1 h5 21. bxa5 Rxa5
22. Nb6 Ra2 23. Nc4 Be6 24. Ne3 Nh8 25. Qd1 Ng6 26. Rb7 Ra8 27. Nd2 Bc8 28. Rb4
Nf4 29. Nf3 d5 30. h4 gxh4 31. Bxh4 Qd6 32. c3 Qg6 33. Ne1 Ra2 34. N3c2 Bf5 35.
Rxf4 exf4 36. Nb4 Raa8 37. d4 Rae8 38. Nbc2 f3 39. Ne3 Be4 40. g3 Bh6 41. N1c2
Bd3 42. Re1 Be2 43. Rxe2 fxe2 44. Qxe2 Re4 0-1

[Event "Moscow Open A 2016"]
[Site "Moscow RUS"]
[Date "2016.01.31"]
[Round "2.5"]
[White "Kalashnikov, Konstantin"]
[Black "Khismatullin, Denis"]
[Result "0-1"]
[WhiteTitle "IM"]
[BlackTitle "GM"]
[WhiteElo "2381"]
[BlackElo "2626"]
[WhiteFideId "4136004"]
[BlackFideId "4142578"]
[EventDate "2016.01.30"]

1. Nf3 c5 2. c4 Nc6 3. Nc3 e5 4. e3 Nf6 5. d4 e4 6. Ne5 g6 7. Be2 Bg7 8. O-O O-O
9. a3 Qe7 10. b4 Nxe5 11. dxe5 Qxe5 12. Rb1 cxb4 13. Nb5 d5 14. Rxb4 dxc4 15.
Rxc4 Be6 16. Rd4 a6 17. Nd6 Bd5 18. Bc4 Bxc4 19. Nxc4 Qc7 20. Nd2 Rac8 21. Rc4
Qb8 22. Bb2 Rxc4 23. Nxc4 Rd8 24. Qe2 b5 25. Na5 Qc7 26. Nb3 Ng4 27. Qxg4 Bxb2
28. Qxe4 Bxa3 29. Nd4 Bb2 30. Nf3 Bf6 31. h4 a5 32. Qb1 b4 33. Rc1 Qd7 34. h5
gxh5 35. e4 Qd3 36. Qxd3 Rxd3 37. e5 Be7 38. Rc8+ Rd8 0-1

[Event "Moscow Open A 2016"]
[Site "Moscow RUS"]
[Date "2016.01.31"]
[Round "2.6"]
[White "Kokarev, Dmitry"]
[Black "Musaev, Rasul"]
[Result "1-0"]
[WhiteTitle "GM"]
[BlackTitle "FM"]
[WhiteElo "2619"]
[BlackElo "2379"]
[WhiteFideId "4132181"]
[BlackFideId "24146870"]
[EventDate "2016.01.30"]

1. e4 e5 2. Nf3 Nc6 3. Bb5 a6 4. Ba4 Nf6 5. O-O Nxe4 6. d4 b5 7. Bb3 d5 8. dxe5
Be6 9. Qe2 Be7 10. Rd1 Na5 11. Nbd2 Nxb3 12. axb3 Nc5 13. Nd4 O-O 14. b4 Nb7 15.
Nf1 Qc8 16. Nc6 Qd7 17. Nxe7+ Qxe7 18. Rd4 c6 19. Ra3 Bd7 20. Qh5 f6 21. Rh4 g6
22. exf6 Rxf6 23. Qh6 Qg7 24. Qxg7+ Kxg7 25. Rd4 Re6 26. Bd2 Nd6 27. Ra1 Bc8 28.
f3 Nf5 29. Rd3 Bb7 30. Re1 Rae8 31. Rxe6 Rxe6 32. g4 Nd6 33. Kf2 Kf7 34. b3 Ke7
35. Ng3 Kd7 36. Bf4 Rf6 37. Be5 Re6 38. Bd4 Kc7 39. Rd1 Bc8 40. Ne2 Nb7 41. Ra1
Nd6 42. Nf4 Re8 43. Nd3 Nf7 44. Nc5 Rf8 45. h4 Nd6 46. Nxa6+ Bxa6 47. Rxa6 Nc8
48. Ra1 Rf7 49. Bc5 Rf6 50. Re1 Kd7 51. Kg3 Rf7 52. Re5 Nd6 53. h5 gxh5 54. Rxh5
Ne8 55. Rh6 Ng7 56. Bd4 Ne6 57. Be5 Ng5 58. Bf6 Ne6 59. f4 Nc7 60. Be5 Ne6 61.
f5 Nd8 62. Kf4 Re7 63. Rd6+ 1-0

[Event "Moscow Open A 2016"]
[Site "Moscow RUS"]
[Date "2016.01.31"]
[Round "2.7"]
[White "Geivondian, Arman"]
[Black "Turov, Maxim"]
[Result "1/2-1/2"]
[WhiteTitle "FM"]
[BlackTitle "GM"]
[WhiteElo "2374"]
[BlackElo "2610"]
[WhiteFideId "24102032"]
[BlackFideId "4120086"]
[EventDate "2016.01.30"]

1. d4 Nf6 2. Nf3 g6 3. Bg5 Bg7 4. Nbd2 O-O 5. c3 d6 6. e4 c5 7. dxc5 dxc5 8. h3
Nc6 9. Qc2 Qc7 10. Be2 Nh5 11. g3 b6 12. Nf1 Bb7 13. Ne3 e6 14. O-O-O f6 15. Bh4
g5 16. g4 gxh4 17. gxh5 Kh8 18. Kb1 Ne5 19. Rhg1 Nxf3 20. Bxf3 Bh6 21. Nc4 Rad8
22. Rxd8 Rxd8 23. Rd1 Bf4 24. a4 Bc6 25. b3 a6 26. Nb2 b5 27. axb5 axb5 28.
Rxd8+ Qxd8 29. Qd3 Qa8 30. c4 b4 31. Na4 Qf8 32. Bg4 Qd6 33. Kc2 Kg7 34. Qxd6
Bxd6 35. Kd3 Kf7 36. Ke3 Ke7 37. f4 Bc7 38. Nb2 e5 39. f5 Bd6 1/2-1/2

[Event "Moscow Open A 2016"]
[Site "Moscow RUS"]
[Date "2016.01.31"]
[Round "2.12"]
[White "Alikulov, Elbek"]
[Black "Antal, Gergely"]
[Result "1-0"]
[WhiteTitle "IM"]
[BlackTitle "GM"]
[WhiteElo "2365"]
[BlackElo "2566"]
[WhiteFideId "14203308"]
[BlackFideId "717312"]
[EventDate "2016.01.30"]

1. e4 c6 2. d4 d5 3. Nc3 dxe4 4. Nxe4 Bf5 5. Ng3 Bg6 6. h4 h6 7. Nf3 Nd7 8. h5
Bh7 9. Bd3 Bxd3 10. Qxd3 e6 11. Bd2 Ngf6 12. O-O-O Be7 13. Ne4 Nxe4 14. Qxe4 Nf6
15. Qe2 Qd5 16. Kb1 Qe4 17. Be3 Ng4 18. Nd2 Qf5 19. Nf1 Nf6 20. Bc1 Qb5 21. c4
Qa6 22. Rh3 O-O-O 23. Bf4 Rd7 24. Rg3 Nd5 25. Bc1 Nb6 26. b3 Bf6 27. Rgd3 Rhd8
28. Bb2 Qa5 29. Bc3 Qf5 30. Ng3 Qh7 31. Ne4 Be7 32. Kb2 Na8 33. f3 Nc7 34. Qc2
f5 35. Nc5 Rd6 36. b4 b6 37. Qa4 a5 38. Nb3 f4 39. c5 b5 40. Qxa5 Rd5 41. Qb6
Rg5 42. R3d2 Qf5 43. Na5 Qd5 44. Nxc6 Bf6 45. Nxd8 Bxd8 46. c6 1-0

[Event "Moscow Open A 2016"]
[Site "Moscow RUS"]
[Date "2016.01.31"]
[Round "2.14"]
[White "Palachev, Petr"]
[Black "Pridorozhni, Aleksei"]
[Result "1/2-1/2"]
[WhiteTitle "FM"]
[BlackTitle "GM"]
[WhiteElo "2358"]
[BlackElo "2550"]
[WhiteFideId "24129003"]
[BlackFideId "4127870"]
[EventDate "2016.01.30"]

1. d4 Nf6 2. c4 b6 3. Nc3 Bb7 4. Qc2 e6 5. Bg5 h6 6. Bh4 Bb4 7. a3 Bxc3+ 8. Qxc3
g5 9. Bg3 Ne4 10. Qc2 d6 11. e3 Nd7 12. f3 Nxg3 13. hxg3 f5 14. Bd3 Qf6 15. Ne2
O-O-O 16. O-O-O Kb8 17. Kb1 c5 18. Qd2 Qe7 19. Bc2 Nf6 20. Nc3 h5 21. Rhe1 g4
22. e4 cxd4 23. Qxd4 e5 24. Qe3 gxf3 25. gxf3 Rhg8 26. f4 fxe4 27. Nxe4 Ng4 28.
Qc3 Bxe4 29. Bxe4 Nf2 30. Rd2 Nxe4 31. Rxe4 Qh7 32. Qc2 Rxg3 33. fxe5 Rg1+ 34.
Ka2 Rg4 35. Rxg4 Qxc2 36. Rxc2 hxg4 37. Rg2 dxe5 38. Rxg4 Kc7 39. Kb3 Kd6 40.
Rg6+ Ke7 1/2-1/2

[Event "Moscow Open A 2016"]
[Site "Moscow RUS"]
[Date "2016.01.31"]
[Round "2.16"]
[White "Gevorgyan, David Sh."]
[Black "Yudin, Sergei"]
[Result "1/2-1/2"]
[WhiteTitle "IM"]
[BlackTitle "GM"]
[WhiteElo "2356"]
[BlackElo "2545"]
[WhiteFideId "13303244"]
[BlackFideId "4159659"]
[EventDate "2016.01.30"]

1. e4 d6 2. d4 Nf6 3. Nc3 e5 4. Nf3 Nbd7 5. Bc4 Be7 6. O-O O-O 7. a4 c6 8. a5
Rb8 9. Qe2 b5 10. axb6 axb6 11. d5 cxd5 12. exd5 Ne8 13. Na2 Nc7 14. Nb4 Bb7 15.
Rd1 Ra8 16. Be3 Qb8 17. c3 Ra5 18. Nc6 Bxc6 19. dxc6 Nf6 20. Rxa5 bxa5 21. Ba6
Qb3 22. Bb7 Nfd5 23. Bc1 Ne6 24. Rd2 Ndc7 25. Qd1 Qb5 26. Qe2 Qxe2 27. Rxe2 Nc5
28. Be3 N7e6 29. Bxc5 Nxc5 30. Nxe5 dxe5 31. Rxe5 Ne6 32. Rxe6 fxe6 33. c7 a4
34. c8=Q Rxc8 35. Bxc8 Kf7 36. Bd7 a3 37. bxa3 Bxa3 38. Kf1 Ke7 39. Ba4 Kd6 40.
Ke2 Bc5 41. Bc2 h6 42. g3 g5 43. h3 Ke5 44. Bb3 1/2-1/2

[Event "Moscow Open A 2016"]
[Site "Moscow RUS"]
[Date "2016.01.31"]
[Round "2.17"]
[White "Vokhidov, Shamsiddin"]
[Black "Predke, Alexandr"]
[Result "1-0"]
[WhiteTitle "FM"]
[WhiteElo "2352"]
[BlackElo "2520"]
[WhiteFideId "14204223"]
[BlackFideId "24107581"]
[EventDate "2016.01.30"]

1. e4 c6 2. d4 d5 3. Nc3 dxe4 4. Nxe4 Bf5 5. Ng3 Bg6 6. h4 h6 7. Nf3 e6 8. Ne5
Bh7 9. Bd3 Bxd3 10. Qxd3 Nd7 11. Bf4 Nxe5 12. Bxe5 Qa5+ 13. c3 Nf6 14. Ne4 Nxe4
15. Qxe4 Qd5 16. Qxd5 cxd5 17. h5 f6 18. Bf4 Kf7 19. Kd2 Be7 20. a4 Rac8 21. Kd3
Rc6 22. Rhe1 Rhc8 23. Re2 Ra6 24. Ree1 Rc4 25. b3 Rc8 26. Rec1 Rac6 27. Rab1 Rd8
28. Rc2 Rd7 29. g4 Bd8 30. Bb8 Bb6 31. f3 Rd8 32. Bg3 Rd7 33. Re1 Rd8 34. Bf2
Bc7 35. c4 dxc4+ 36. bxc4 Bb6 37. Rb1 Rd7 38. Ke4 Bd8 39. f4 Ra6 40. Rcb2 Rxa4
41. Rxb7 Bc7 42. c5 Re7 43. R1b4 Ra2 44. Rb2 Ra3 45. d5 exd5+ 46. Kxd5 Rd3+ 47.
Bd4 a5 48. c6 Bxf4 49. Rxe7+ Kxe7 50. Rb7+ Ke8 51. Ke4 Rd1 52. Rxg7 Bd6 53. Bxf6
Rc1 54. Kd5 Bf8 55. Rc7 Rd1+ 56. Ke6 Rd6+ 57. Kf5 a4 58. Kg6 1-0

[Event "Moscow Open A 2016"]
[Site "Moscow RUS"]
[Date "2016.01.31"]
[Round "2.18"]
[White "Ivanov, Oleg V UKR"]
[Black "Chos, Alexey"]
[Result "1-0"]
[WhiteTitle "IM"]
[BlackTitle "IM"]
[WhiteElo "2519"]
[BlackElo "2348"]
[WhiteFideId "14110709"]
[BlackFideId "14117762"]
[EventDate "2016.01.30"]

1. e4 c5 2. Nf3 d6 3. d4 cxd4 4. Nxd4 Nf6 5. Nc3 a6 6. h3 e6 7. g4 h6 8. Bg2 Be7
9. O-O Nbd7 10. Nce2 Qc7 11. b3 Nf8 12. c4 Ng6 13. Ng3 O-O 14. Be3 Bd7 15. a4
Rad8 16. Qd2 Rfe8 17. a5 Qb8 18. f4 Nh4 19. Bh1 Nh7 20. Nf3 Nxf3+ 21. Bxf3 Bh4
22. Qg2 e5 23. fxe5 dxe5 24. Bb6 Rc8 25. Rad1 Be6 26. Nf5 Bxf5 27. exf5 e4 28.
Bxe4 Rxe4 29. Qxe4 Qg3+ 30. Qg2 Qxb3 31. Qf3 Qc2 32. Qd3 Qb2 33. Bf2 Bf6 34. Rb1
Qa2 35. Rxb7 Ng5 36. h4 Rxc4 37. hxg5 Rxg4+ 38. Kh1 Rxg5 39. Qf3 Be5 40. Rg1
Rxg1+ 41. Kxg1 Qxa5 42. Qc6 Qd8 43. Qe4 Qg5+ 44. Kf1 Qc1+ 45. Ke2 Bf6 46. Be3
Qc3 47. Bxh6 Qh3 48. Be3 a5 49. Rb8+ Kh7 50. Rb1 Qh2+ 51. Bf2 Qh5+ 52. Qf3 Qg5
53. Rg1 1-0

[Event "Moscow Open A 2016"]
[Site "Moscow RUS"]
[Date "2016.01.31"]
[Round "2.19"]
[White "Lomasov, Semen"]
[Black "Meskovs, Nikita"]
[Result "1/2-1/2"]
[WhiteTitle "FM"]
[BlackTitle "IM"]
[WhiteElo "2344"]
[BlackElo "2515"]
[WhiteFideId "24164879"]
[BlackFideId "11602740"]
[EventDate "2016.01.30"]

1. d4 Nf6 2. Bg5 d5 3. Bxf6 gxf6 4. e3 c5 5. dxc5 e6 6. c4 dxc4 7. Nd2 c3 8.
bxc3 Bxc5 9. Ngf3 Nc6 10. Be2 Be7 11. O-O Qc7 12. Nd4 a6 13. Rb1 Bd7 14. Nc4 b5
15. Nd2 Na5 16. Bh5 Rg8 17. Qc2 f5 18. e4 f4 19. N2f3 e5 20. Nf5 Nc4 21. Nd2
Nxd2 22. Qxd2 Qc6 23. Nxe7 Kxe7 24. Bf3 Bh3 25. Kh1 Rad8 26. Qc2 Be6 27. Qb2 Bc4
28. Rfd1 Kf6 29. Rd2 Be6 30. Rbd1 Rxd2 31. Qxd2 Rc8 32. Rc1 Qc4 33. a3 Ke7 34.
Qb2 Qb3 35. Qxb3 Bxb3 36. g3 fxg3 37. hxg3 a5 38. Bd1 Bxd1 39. Rxd1 Rxc3 40. Rd5
Rb3 41. a4 bxa4 42. Rxe5+ Kd6 43. Rxa5 a3 44. Kg2 Kc6 45. f4 Kb6 46. Ra8 Kc5 47.
e5 Kd4 48. Kh3 Kc3 49. f5 Kb2 50. e6 fxe6 51. fxe6 Rb7 52. Kg4 a2 53. Kf5 a1=Q
54. Rxa1 Kxa1 55. g4 h6 56. Kg6 Rb4 57. g5 Rg4 58. Kxh6 1/2-1/2

[Event "Moscow Open A 2016"]
[Site "Moscow RUS"]
[Date "2016.01.31"]
[Round "2.20"]
[White "Sviridov, Valery"]
[Black "Sorokin, Aleksey"]
[Result "1/2-1/2"]
[BlackTitle "FM"]
[WhiteElo "2511"]
[BlackElo "2344"]
[WhiteFideId "4120680"]
[BlackFideId "24176460"]
[EventDate "2016.01.30"]

1. d4 Nf6 2. c4 g6 3. Nc3 d5 4. e3 Bg7 5. Qb3 e6 6. Qa3 Nc6 7. Nf3 a5 8. Be2 Nb4
9. Qa4+ Bd7 10. Qb3 dxc4 11. Bxc4 c5 12. dxc5 Qc8 13. Na4 O-O 14. O-O Bxa4 15.
Qxa4 Qxc5 16. Be2 Qc6 17. Bb5 Qc2 18. Qxc2 Nxc2 19. Rb1 Nb4 20. a3 Nbd5 21. Bd2
Ne4 22. Rfd1 Nxd2 23. Nxd2 Rfc8 24. a4 Rc5 25. Nc4 f5 26. f3 Bf8 27. Rbc1 Rc7
28. e4 fxe4 29. fxe4 Nf6 30. e5 Bc5+ 31. Kf1 Nd5 32. g3 Rf8+ 33. Kg2 Rf2+ 34.
Kh1 b6 35. Rf1 Rcf7 36. Nd6 Rxf1+ 37. Bxf1 Re7 38. Bh3 Bd4 39. Nc8 Re8 40. Nd6
Re7 41. Nc8 Re8 42. Nd6 1/2-1/2

[Event "Moscow Open A 2016"]
[Site "Moscow RUS"]
[Date "2016.01.31"]
[Round "2.21"]
[White "Belenkaya, Dina"]
[Black "Paravyan, David"]
[Result "1/2-1/2"]
[WhiteTitle "WFM"]
[BlackTitle "IM"]
[WhiteElo "2343"]
[BlackElo "2509"]
[WhiteFideId "24142654"]
[BlackFideId "4194985"]
[EventDate "2016.01.30"]

1. e4 d6 2. d4 Nf6 3. Nc3 g6 4. Be3 Bg7 5. Qd2 c6 6. Nf3 b5 7. Bd3 Nbd7 8. O-O
O-O 9. Bh6 e5 10. Bxg7 Kxg7 11. Ne2 exd4 12. Nexd4 Qb6 13. a4 bxa4 14. Rxa4 Nc5
15. Rb4 Qc7 16. Nf5+ Bxf5 17. exf5 Qa5 18. c3 Nxd3 19. Qxd3 Rad8 20. Rb7 Rb8 21.
Re7 Qd5 22. Qc2 c5 23. Rxa7 Qxf5 24. Qxf5 gxf5 25. Nh4 f4 26. Nf5+ Kg6 27. Nxd6
Rxb2 28. Ra5 Rd2 29. Nc4 Rd5 30. Re1 Re8 31. Kf1 Rxe1+ 32. Kxe1 Ne4 33. Ra3 Kf5
34. f3 Nd6 35. Nxd6+ Rxd6 36. Ra5 Rd5 37. c4 Re5+ 38. Kf2 h5 39. h4 Kg6 40. Ra8
f6 1/2-1/2

[Event "Moscow Open A 2016"]
[Site "Moscow RUS"]
[Date "2016.01.31"]
[Round "2.25"]
[White "Badmatsyrenov, Oleg"]
[Black "Natacheev, Peter"]
[Result "0-1"]
[WhiteTitle "IM"]
[BlackTitle "FM"]
[WhiteElo "2473"]
[BlackElo "2341"]
[WhiteFideId "24115762"]
[BlackFideId "4191854"]
[EventDate "2016.01.30"]

1. e4 e5 2. Nf3 Nc6 3. Bc4 Bc5 4. d3 Nf6 5. Nc3 d6 6. Bg5 h6 7. Bxf6 Qxf6 8. Nd5
Qd8 9. c3 O-O 10. h3 Ne7 11. Ne3 c6 12. Bb3 Ng6 13. O-O Qf6 14. d4 Bb6 15. Re1
Nf4 16. Ng4 Qg6 17. Nh4 Qg5 18. Nf5 Bxf5 19. exf5 h5 20. Ne3 exd4 21. cxd4 Rae8
22. h4 Qf6 23. Qf3 Nd3 24. Red1 Nxb2 25. Rd2 Bxd4 26. Rb1 d5 27. Nf1 Nc4 28.
Bxc4 dxc4 29. Rxb7 c3 30. Rd1 Qxh4 31. Ng3 Rb8 32. Rb3 Rfe8 33. Ne2 Be5 34. g3
Qc4 35. Rc1 h4 36. Nxc3 hxg3 37. fxg3 Rxb3 38. axb3 Qxb3 39. Qxc6 Rd8 40. Ne4
Qe3+ 41. Kg2 Qe2+ 42. Nf2 Bd4 43. Rc2 Qe5 44. Qf3 a5 45. Ne4 a4 46. Re2 Qb5 47.
Re1 Qb2+ 48. Kh3 a3 49. Ng5 Qb5 50. Kg4 Bf6 51. Qxa3 Bxg5 52. Kxg5 f6+ 53. Kg6
Qc4 54. Kh5 Rd2 55. Qa8+ Kh7 56. Qe4 Qc5 57. Qf4 Rf2 58. Qe4 Rd2 59. Qf4 Qd5 60.
Qe4 g6+ 61. Kh4 Rd4 62. fxg6+ Kh6 63. Qf4+ Rxf4+ 64. gxf4 Qf3 65. Rg1 Qf2+ 66.
Rg3 Qh2+ 0-1

[Event "Moscow Open A 2016"]
[Site "Moscow RUS"]
[Date "2016.02.01"]
[Round "3.2"]
[White "Vavulin, Maksim"]
[Black "Inarkiev, Ernesto"]
[Result "1/2-1/2"]
[WhiteTitle "IM"]
[BlackTitle "GM"]
[WhiteElo "2448"]
[BlackElo "2676"]
[WhiteFideId "4169530"]
[BlackFideId "4162722"]
[EventDate "2016.01.30"]

1. e4 e5 2. Nf3 Nc6 3. Bb5 a6 4. Bxc6 dxc6 5. O-O Qf6 6. d4 exd4 7. Bg5 Qd6 8.
Nxd4 Be7 9. Bxe7 Nxe7 10. Nc3 Bd7 11. Nb3 O-O-O 12. Qh5 Ng6 13. Rad1 Qf4 14. Qc5
Kb8 15. Rd4 b6 16. Qc4 Bh3 17. Qd3 Bxg2 18. Rxd8+ Rxd8 19. Qxd8+ Kb7 20. Rd1 Nh4
21. Rd7 Nf3+ 22. Kxg2 Qg4+ 23. Kf1 Nxh2+ 24. Ke1 Nf3+ 25. Kf1 Nh2+ 26. Ke1 Nf3+
27. Kd1 Ne5+ 28. f3 Qg1+ 29. Ke2 Qg2+ 30. Ke3 Qg1+ 31. Kf4 Qh2+ 32. Ke3 Qg1+ 33.
Kf4 Qh2+ 34. Ke3 Qg1+ 1/2-1/2

[Event "Moscow Open A 2016"]
[Site "Moscow RUS"]
[Date "2016.02.02"]
[Round "4.12"]
[White "Oganian, Miran"]
[Black "Gordievsky, Dmitry"]
[Result "1-0"]
[WhiteTitle "IM"]
[BlackTitle "FM"]
[WhiteElo "2405"]
[BlackElo "2506"]
[WhiteFideId "4122488"]
[BlackFideId "24112798"]
[EventDate "2016.01.30"]

1. d4 Nf6 2. c4 g6 3. Nc3 Bg7 4. e4 d6 5. Nf3 O-O 6. Be2 Nbd7 7. O-O e5 8. Be3
c6 9. d5 c5 10. Ne1 Ne8 11. g4 Kh8 12. Kh1 f5 13. gxf5 gxf5 14. exf5 Nb6 15. Bd3
Bxf5 16. Bxf5 Rxf5 17. Qg4 Qd7 18. Rg1 Nf6 19. Qe2 Rf8 20. f3 Nh5 21. Ne4 Nf4
22. Bxf4 exf4 23. Rd1 Qe7 24. b3 Nd7 25. Rg2 Ne5 26. Nd3 Ng6 27. Rg4 b5 28. Qg2
Bd4 29. Re1 Be3 30. Qb2+ Kg8 31. a4 a6 32. axb5 axb5 33. Qa1 bxc4 34. bxc4 Rd8
35. Rb1 Rff8 36. Qa6 Rb8 37. Rxb8 Rxb8 38. Qxd6 Rb1+ 39. Kg2 Qxd6 40. Nxd6 Kf8
41. Ne4 h5 42. Rg5 Nh4+ 43. Kh3 Nxf3 44. Rxh5 Rb3 45. Ndxc5 Bxc5 46. Nxc5 Rc3
47. Ne6+ Ke7 48. Kg4 Nd2 49. c5 f3 50. Rh7+ Kf6 51. Rh6+ Kf7 52. Rh5 Ke7 53. Rf5
Nf1 54. Kg5 Nxh2 55. Kg6 Ng4 56. Kg7 Re3 57. Rf7+ Ke8 58. c6 Ne5 59. c7 Rc3 60.
Rf8+ Ke7 61. c8=Q Rxc8 62. Rxc8 Kd6 63. Nf4 f2 64. Rc1 Ng4 65. Rf1 1-0

[Event "Moscow Open A 2016"]
[Site "Moscow RUS"]
[Date "2016.02.03"]
[Round "5.10"]
[White "Khismatullin, Denis"]
[Black "Savitskiy, Sergey"]
[Result "1-0"]
[WhiteTitle "GM"]
[BlackTitle "FM"]
[WhiteElo "2626"]
[BlackElo "2405"]
[WhiteFideId "4142578"]
[BlackFideId "24105660"]
[EventDate "2016.01.30"]

1. c4 Nf6 2. g3 g6 3. Bg2 Bg7 4. Nc3 O-O 5. d4 d6 6. Nf3 Nc6 7. O-O Bf5 8. d5
Na5 9. Nh4 Bd7 10. Qd3 c5 11. b3 a6 12. Bd2 Rb8 13. Rab1 b5 14. Ne4 Nxe4 15.
Bxe4 e5 16. dxe6 Bxe6 17. Bd5 Re8 18. Bxe6 Rxe6 19. Ng2 Nc6 20. Nf4 Re8 21. Rfd1
Nd4 22. e3 Nf3+ 23. Kg2 Nxd2 24. Rxd2 Qa5 25. Rbd1 Be5 26. Nd5 Bg7 27. Qe2 Re4
28. Nf4 bxc4 29. bxc4 Bf8 30. Nd5 Bg7 31. Qd3 Ree8 32. h4 h5 33. Nf4 Bc3 34.
Nxg6 fxg6 35. Qxg6+ Bg7 36. Rxd6 Re7 37. R1d5 Qc7 38. Rxh5 Qb7+ 39. Rdd5 Rf7 40.
Qh7+ Kf8 41. e4 Re8 42. Rhf5 Re7 43. Rd8+ Re8 44. Rxe8+ Kxe8 45. Qg8+ Bf8 46.
Qxf7+ 1-0

[Event "Moscow Open A 2016"]
[Site "Moscow RUS"]
[Date "2016.02.03"]
[Round "5.14"]
[White "Bigaliev, Renat"]
[Black "Frolyanov, Dmitry"]
[Result "1/2-1/2"]
[WhiteTitle "IM"]
[BlackTitle "GM"]
[WhiteElo "2422"]
[BlackElo "2563"]
[WhiteFideId "4126289"]
[BlackFideId "4151976"]
[EventDate "2016.01.30"]

1. d4 d5 2. c4 e6 3. Nf3 Nf6 4. g3 dxc4 5. Bg2 Nc6 6. Qa4 Bb4+ 7. Bd2 Nd5 8.
Bxb4 Nxb4 9. O-O Rb8 10. Nc3 a6 11. Ne5 O-O 12. Nxc6 Nxc6 13. Bxc6 bxc6 14. Qxc4
Rxb2 15. Rab1 Rb6 16. Na4 Rb5 17. Nc3 Rb6 18. Na4 Rb5 19. Nc3 Rb6 1/2-1/2

[Event "Moscow Open A 2016"]
[Site "Moscow RUS"]
[Date "2016.02.04"]
[Round "6.4"]
[White "Timofeev, Artyom"]
[Black "Vokhidov, Shamsiddin"]
[Result "1-0"]
[WhiteTitle "GM"]
[BlackTitle "FM"]
[WhiteElo "2570"]
[BlackElo "2352"]
[WhiteFideId "4140419"]
[BlackFideId "14204223"]
[EventDate "2016.01.30"]

1. e4 c5 2. Nf3 e6 3. d4 cxd4 4. Nxd4 Nc6 5. Nc3 Qc7 6. Be3 Nf6 7. f4 Bb4 8. Nb5
Qa5 9. e5 Nd5 10. Bd2 Nxc3 11. bxc3 Bc5 12. Bd3 O-O 13. Qh5 g6 14. Qh6 f5 15. h4
Nd8 16. Qg5 Nf7 17. Qg3 Kg7 18. h5 Qd8 19. Be2 Rh8 20. c4 a6 21. Nd6 Nxd6 22.
exd6 Bd4 23. Bc3 Bxc3+ 24. Qxc3+ Qf6 25. Qxf6+ Kxf6 26. hxg6 Kxg6 27. a4 b6 28.
Rb1 Bb7 29. Rxb6 Bc6 30. a5 Kf6 31. Kf2 e5 32. Rh6+ Kg7 33. Rh5 Kf6 34. g4 Be4
35. Ke3 exf4+ 36. Kxf4 Bxc2 37. gxf5 Rac8 38. Rb2 Ba4 39. Rb4 Bc6 40. Rb6 Rce8
41. Bd3 Re1 42. Rb1 Rxb1 43. Bxb1 Re8 44. Rxh7 Re2 45. Rh6+ Kg7 46. Rg6+ Kf7 47.
c5 Bb5 48. Be4 Bc4 49. c6 dxc6 50. Bxc6 Re1 51. Rh6 Kg7 52. Rh1 Re2 53. Rd1 1-0